Technology of new rubbery condensation polymers (Record no. 70352)

MARC details
000 -LEADER
fixed length control field 00319nam a2200121Ia 4500
100 ## - MAIN ENTRY--AUTHOR NAME
Personal name Harper D A
245 #0 - TITLE STATEMENT
Title Technology of new rubbery condensation polymers
260 ## - PUBLICATION, DISTRIBUTION, ETC. (IMPRINT)
Name of publisher IRI Transactions
Year of publication 1948
300 ## - PHYSICAL DESCRIPTION
Number of Pages 181-195
650 ## - SUBJECT ADDED ENTRY--TOPICAL TERM
Topical Term Condensation polymers
942 ## - ADDED ENTRY ELEMENTS (KOHA)
Koha item type Journals
Holdings
Withdrawn status Lost status Damaged status Not for loan Home library Current library Shelving location Date acquired Serial Enumeration / chronology Koha item type
      Journals RRII Library RRII Library Rubber chemistry 17/12/2021 Volume 24, Issue 4 Journals